000 00506nam a2200181Ia 4500
008 240925s9999 xx 000 0 und d
020 _a8120323734
082 _a006.32 HAY
100 _aHaykin, Simon
245 0 _aNeural Networks: a comprehensive foundation
250 _a2nd
260 _aNew Delhi:
_bPrentice Hall
_c,2003.
300 _aviii,482p.
_bNA
_fOriginal
500 _aIncludes Index
600 _aComputer Science
650 _aComputer science, information & general works
942 _cBK
999 _c8040
_d8040